Nahlis, Dickey and Morris v SoS Environment, RB Kensington and Chelsea, Southside Leisure Ltd and Maiden Outdoor Advertising Ltd (Record no. 10645)

MARC details
000 -LEADER
fixed length control field 01534cab a2200253 4500
001 - CONTROL NUMBER
control field ABS55403
008 - FIXED-LENGTH DATA ELEMENTS--GENERAL INFORMATION
fixed length control field 090401t1996 xxu||||| |||| 00| 0 eng d
035 ## - SYSTEM CONTROL NUMBER
System control number (Sirsi) u16200
041 ## - LANGUAGE CODE
Language code of text/sound track or separate title eng
245 ## - TITLE STATEMENT
Title Nahlis, Dickey and Morris v SoS Environment, RB Kensington and Chelsea, Southside Leisure Ltd and Maiden Outdoor Advertising Ltd
260 ## - PUBLICATION, DISTRIBUTION, ETC.
Date of publication, distribution, etc. 1996
350 ## - PRICE (NR) (BK AM CF MU VM SE) [OBSOLETE]
Price 0
490 ## - SERIES STATEMENT
Series statement Property and Compensation Reports
Volume/sequential designation [1996] 71 P&CR 553-565(7)
520 ## - SUMMARY, ETC.
Summary, etc. QBD 23 November 1995. Royal Borough of Kensigton and Chelsea (X) had served discontinuance notices requiring use of a building for an advertising hoarding. Plaintiff solicitors (N) now practised from a different site, although they remained freehold owners of the premises. X sent nine identical notices to alternative addresses but the notices sent to N at the premises concerned were returned marked addressee unknown. An appeal against the notices on the merits only was rejected by SoS Environment."Held" that applicants had not been prejudiced by the convolutions of service or non- service or by the fact that SoS letter didn't carry a date. Application dismissed.
650 ## - SUBJECT ADDED ENTRY--TOPICAL TERM
Topical term or geographic name entry element ADVERTISING HOARDINGS
650 ## - SUBJECT ADDED ENTRY--TOPICAL TERM
Topical term or geographic name entry element DISCONTINUANCE NOTICE
650 ## - SUBJECT ADDED ENTRY--TOPICAL TERM
Topical term or geographic name entry element NAHLIS, DICKEY AND MORRIS V SOS ENVIRONMENT AND OTHERS
650 ## - SUBJECT ADDED ENTRY--TOPICAL TERM
Topical term or geographic name entry element TOWN AND COUNTRY PLANNING ACT 1990 S288
650 ## - SUBJECT ADDED ENTRY--TOPICAL TERM
Topical term or geographic name entry element TOWN AND COUNTRY PLANNING ACT 1990 S329
650 ## - SUBJECT ADDED ENTRY--TOPICAL TERM
Topical term or geographic name entry element TOWN AND COUNTRY PLANNING ACT 1990
690 ## - LOCAL SUBJECT ADDED ENTRY--TOPICAL TERM (OCLC, RLIN)
Topical term or geographic name as entry element PLANNING LAW AND PRACTICE-CASE LAW
942 ## - ADDED ENTRY ELEMENTS (KOHA)
Suppress in OPAC 0
948 ## - LOCAL PROCESSING INFORMATION (OCLC); SERIES PART DESIGNATOR (RLIN)
c (OCLC) 04/03/1997
Holdings
Withdrawn status Lost status Source of classification or shelving scheme Damaged status Not for loan Home library Current library Shelving location Date acquired Total Checkouts Full call number Barcode Date last seen Copy number Price effective from Koha item type
    Dewey Decimal Classification     London London Journal article 14/09/1999   ABS55403 16200-1001 06/08/2019 1 06/08/2019 Law report